000 00672nam a2200253Ia 4500
003 OSt
005 20220912150551.0
006 a|||||r|||| 00| 0
007 ta
008 220909b |||||||| |||| 00| 0 eng d
024 _a37291
037 _cTextual
040 _aCSL
_beng
_cCSL
041 _aeng
082 _aC9B5un1,N65, L5
100 _aLeontovich M A Ed.
245 0 _aReviews of plasma physics
260 _aNew York
_b Consultants Bureau
_c1975
300 _axiv, 531p.
_ccm.
500 _aAppendix p329
650 _aPlasma physics
942 _hC9B5un1,N65, L5
_cTEXL
_2CC
999 _c50235
_d50235